[Event "Madrid Alcorcon op 1st"]
[Site "Madrid"]
[Date "2022.12.29"]
[Round "8"]
[White "Perez Segoviano, Agustin"]
[Black "Voytsekhoskyy Pomircha, Victor"]
[Result "1/2-1/2"]
[WhiteElo "1493"]
[BlackElo "1215"]
[PlyCount "124"]
[EventDate "2022.12.26"]
[EventType "swiss"]
[EventRounds "9"]
[EventCountry "ESP"]
[SourceTitle "CBM 212 Extra"]
[Source "ChessBase"]
[SourceDate "2023.03.31"]
[SourceVersion "1"]
[SourceVersionDate "2023.03.31"]
[SourceQuality "1"]

1. d4 Nf6 2. c4 g6 3. Nc3 d5 4. e3 Bg7 5. Nf3 0-0 6. Be2 dxc4 7. Bxc4 Nbd7 8. 0-0 c5 9. dxc5 Nxc5 10. Qxd8 Rxd8 11. h3 Be6 12. Bxe6 Nxe6 13. Rb1 Nd5 14. Nxd5 Rxd5 15. b3 Rc8 16. Bb2 Rc2 17. Bxg7 Kxg7 18. Ra1 f6 19. a3 Rc3 20. b4 Rdd3 21. a4 Ra3 22. Rfd1 Rxa4 23. Rxd3 Rxa1+ 24. Kh2 Kf7 25. Rd7 b6 26. Nd4 Nxd4 27. Rxd4 Ra4 28. Rd7 Rxb4 29. Rxa7 b5 30. Kg3 Rb2 31. f4 b4 32. Kf3 b3 33. g4 Rb1 34. Rb7 b2 35. Ke4 Ke6 36. Rb6+ Kd7 37. f5 gxf5+ 38. gxf5 Ke8 39. h4 h5 40. Rb5 Kf7 41. Rb7 Rh1 42. Rxb2 Rxh4+ 43. Kf3 Rh3+ 44. Kf4 Rh1 45. Rb3 Rf1+ 46. Ke4 h4 47. Rb2 Rh1 48. Kf3 h3 49. Kg3 Kg7 50. Rb4 Re1 51. Rg4+ Kf7 52. e4 Rh1 53. Rh4 h2 54. Rh7+ Ke8 55. Rxh2 Rxh2 56. Kxh2 Kd7 57. Kg3 Kd6 58. Kf4 e6 59. fxe6 Kxe6 60. Ke3 Ke5 61. Kf3 f5 62. exf5 Kxf5 1/2-1/2

[Event "Madrid Alcorcon op 1st"]
[Site "Madrid"]
[Date "2022.12.26"]
[Round "1"]
[White "Voytsekhoskyy Pomircha, Victor"]
[Black "Martinez Garcia, Ruben"]
[Result "0-1"]
[WhiteElo "1215"]
[BlackElo "1971"]
[PlyCount "98"]
[EventDate "2022.12.26"]
[EventType "swiss"]
[EventRounds "9"]
[EventCountry "ESP"]
[SourceTitle "CBM 212 Extra"]
[Source "ChessBase"]
[SourceDate "2023.03.31"]
[SourceVersion "1"]
[SourceVersionDate "2023.03.31"]
[SourceQuality "1"]

1. e4 c5 2. Nf3 e6 3. d4 cxd4 4. Nxd4 Nf6 5. Nc3 Nc6 6. Ndb5 Bb4 7. Nd6+ Ke7 8. Nxc8+ Rxc8 9. Bg5 h6 10. Bxf6+ gxf6 11. Qd2 Qa5 12. a3 Bxc3 13. Qxc3 Qxc3+ 14. bxc3 Na5 15. Kd2 Rc7 16. Rb1 Rhc8 17. Rb5 b6 18. c4 Nxc4+ 19. Bxc4 Rxc4 20. Rc1 Rxe4 21. Rh5 Rd4+ 22. Ke3 Ra4 23. Rxh6 Rxa3+ 24. Kd2 b5 25. Rh3 Rxh3 26. gxh3 Rh8 27. Ra1 Rxh3 28. Rxa7 Rxh2 29. Ke3 Rh3+ 30. Kd2 Rf3 31. Ke2 Rc3 32. Kd2 Rc5 33. Ra5 e5 34. Kd3 Ke6 35. c3 f5 36. f3 f6 37. Ra6+ d6 38. Ra5 Kd5 39. Ra6 e4+ 40. fxe4+ fxe4+ 41. Kd2 f5 42. Ra5 f4 43. Ra1 Ke5 44. Rh1 e3+ 45. Kd3 Rd5+ 46. Ke2 Ke4 47. Rc1 f3+ 48. Ke1 Rh5 49. Rc2 Rh1# 0-1

[Event "Madrid-ch Previa-B"]
[Site "Madrid"]
[Date "2022.03.11"]
[Round "4"]
[White "Torres Rebolledo, Marcos"]
[Black "Voytsekhoskyy Pomircha, Victor"]
[Result "1-0"]
[WhiteElo "1478"]
[BlackElo "1217"]
[PlyCount "159"]
[EventDate "2022.03.03"]
[EventType "swiss"]
[EventRounds "9"]
[EventCountry "ESP"]
[SourceTitle "EXT 2023"]
[Source "ChessBase"]
[SourceDate "2022.10.05"]
[SourceVersion "1"]
[SourceVersionDate "2022.10.05"]
[SourceQuality "1"]

1. d4 Nf6 2. c4 g6 3. Nc3 d5 4. cxd5 Nxd5 5. e4 Nxc3 6. bxc3 Bg7 7. Nf3 c5 8. Rb1 cxd4 9. cxd4 Qa5+ 10. Qd2 Qxd2+ 11. Bxd2 Nc6 12. d5 Nd4 13. Nxd4 Bxd4 14. Bb5+ Kf8 15. 0-0 a6 16. Bd3 b5 17. Rfc1 f5 18. Bh6+ Kf7 19. Rc7 Be5 20. Rc2 fxe4 21. Bxe4 Bb7 22. Re1 Rac8 23. Bg5 Rxc2 24. Bxc2 Rc8 25. Rxe5 Rxc2 26. Rxe7+ Kf8 27. Rxb7 h6 28. Bxh6+ Ke8 29. Bg5 Rxa2 30. h4 Ra4 31. d6 Rd4 32. Be7 b4 33. Rb6 a5 34. Kh2 a4 35. Bf6 Rd3 36. Rxb4 Rxd6 37. Ba1 Rd2 38. Re4+ Kf7 39. Kg3 a3 40. Re3 a2 41. Rc3 Rd1 42. Rf3+ Ke6 43. Re3+ Kf7 44. Bc3 a1Q 45. Bxa1 Rxa1 46. Kg4 Rf1 47. f4 Rf2 48. g3 Rc2 49. Re5 Kf6 50. h5 gxh5+ 51. Rxh5 Rc4 52. Rh6+ Kg7 53. Ra6 Rd4 54. Kg5 Rd5+ 55. f5 Rd3 56. g4 Rd4 57. Ra7+ Kg8 58. Kg6 Rd6+ 59. f6 Rd8 60. Rg7+ Kf8 61. Rh7 Ke8 62. Rh8+ Kd7 63. Rxd8+ Kxd8 64. f7 Ke7 65. Kg7 Ke6 66. f8Q Kd5 67. Qe8 Kc5 68. Qd7 Kc4 69. g5 Kc5 70. g6 Kc4 71. Kf6 Kc5 72. g7 Kc4 73. g8R Kc5 74. Rc8+ Kb6 75. Rb8+ Kc5 76. Rc8+ Kb6 77. Qd1 Kb7 78. Rc2 Kb6 79. Qb1+ Ka5 80. Ra2# 1-0

[Event "Madrid-ch Previa-B"]
[Site "Madrid"]
[Date "2021.02.26"]
[Round "8"]
[White "Voytsekhoskyy Pomircha, Victor"]
[Black "Pulido Martinez, Carlos"]
[Result "1-0"]
[WhiteElo "1155"]
[BlackElo "1321"]
[PlyCount "29"]
[EventDate "2021.02.04"]
[EventType "swiss"]
[EventRounds "9"]
[EventCountry "ESP"]
[SourceTitle "EXT 2022"]
[Source "ChessBase"]
[SourceDate "2021.10.06"]
[SourceVersion "1"]
[SourceVersionDate "2021.10.06"]
[SourceQuality "1"]

1. e4 e5 2. Nf3 Nc6 3. Bc4 Nf6 4. d3 Be7 5. c3 d6 6. Nbd2 0-0 7. 0-0 Na5 8. Re1 Nxc4 9. Nxc4 b5 10. Ne3 c6 11. a3 a5 12. Nd2 Bg4 13. d4 exd4 14. cxd4 Rc8 15. h3 1-0

[Event "Madrid-ch Previa-B"]
[Site "Madrid"]
[Date "2021.02.05"]
[Round "2"]
[White "Voytsekhoskyy Pomircha, Victor"]
[Black "Barragan Arriaza, Pablo"]
[Result "0-1"]
[WhiteElo "1155"]
[BlackElo "1893"]
[PlyCount "102"]
[EventDate "2021.02.04"]
[EventType "swiss"]
[EventRounds "9"]
[EventCountry "ESP"]
[SourceTitle "EXT 2022"]
[Source "ChessBase"]
[SourceDate "2021.10.06"]
[SourceVersion "1"]
[SourceVersionDate "2021.10.06"]
[SourceQuality "1"]

1. e4 e5 2. Nf3 Nc6 3. Bc4 Bc5 4. d3 Nf6 5. c3 0-0 6. Nbd2 d6 7. a4 a5 8. 0-0 Kh8 9. Qb3 Qe8 10. Re1 Ng4 11. Re2 Bb6 12. Nf1 Be6 13. Bxe6 Qxe6 14. Qxe6 fxe6 15. Ne3 Nf6 16. Nc4 Ba7 17. Bd2 Nh5 18. Rb1 Nf4 19. Bxf4 Rxf4 20. Ng5 Rf6 21. Ne3 Raf8 22. Nf3 h6 23. Rf1 g5 24. h3 Rg6 25. Nh2 Kg7 26. Nc2 h5 27. b4 axb4 28. cxb4 g4 29. hxg4 hxg4 30. g3 Nd8 31. Ne3 Bxe3 32. Rxe3 Nc6 33. Rc1 Rf7 34. b5 Nd4 35. a5 Nxb5 36. Rb1 c6 37. Kg2 Kf8 38. f3 gxf3+ 39. Nxf3 Rfg7 40. Nd2 d5 41. exd5 exd5 42. Nf1 Rg5 43. Rf3+ Ke7 44. Ne3 Ke6 45. Rbf1 Nd4 46. Rf6+ Ke7 47. R6f2 Rxg3+ 48. Kh1 Rh7+ 49. Rh2 Rxh2+ 50. Kxh2 Rxe3 51. Rg1 Nf3+ 0-1